| 000 | 00673nam a2200241 i 4500 | ||
|---|---|---|---|
| 001 | 137710 | ||
| 003 | ES-MaACL | ||
| 005 | 20250818053257.0 | ||
| 007 | t| | ||
| 008 | 070214s1971 sp 00110 spa d | ||
| 080 | _a612.6.06 | ||
| 100 | 1 |
_aSalgado, Enrique. _9101895 |
|
| 245 | 1 | 0 |
_aErotismo y sociedad de consumo / _cDr. Enrique Salgado. |
| 250 | _a1ª ed. | ||
| 260 |
_aBarcelona : _bEd. 29, _c1971 ( _eValencia : _fS. Durá) |
||
| 300 |
_a260 p. ; _c18 cm. |
||
| 490 | 1 |
_aEl acceso ; _v3 |
|
| 650 | 7 |
_aErotismo _2embne _9171042 |
|
| 830 | 1 |
_aEl acceso ; _v3 _9187086 |
|
| 852 | 4 |
_aES-MaACL _jC-45458 |
|
| 852 | 4 |
_aES-MaACL _jC-48574 |
|
| 999 |
_c137710 _d137710 |
||